Word Ladder: Roamin' Romans Quiz Stats

 Plays Quiz Updated Oct 6, 2015

Score 0/29 Timer 03:00
0 Plays Today
Clue 3-Letter Word % Correct
MandibleJAW
90.5%
Member of a synagogue*JEW*
90.4%
It precedes 'bo' or 'kwon do'TAE
86.8%
A crock, sometimes MasonJAR
83.6%
Ms. Jemison or Ms. West, e.g.MAE
79.8%
Scuff or scratch*MAR*
78.4%
Pull an unstartable vehicle or boatTOW
78.1%
A pedal digit*TOE*
77.9%
Elton John title*SIR*
74.9%
Penitentiary occupantCON
72.6%
Electron loser or gainerION
70.4%
Balsam or Douglas, e.g.FIR
69.7%
Jack and the Beanstalk giant utteranceFIE
68%
Miss Piggy, e.g.SOW
67.9%
Peg on the rangeTEE
66.1%
Clue 3-Letter Word % Correct
When doubled, a chorus line dance*CAN*
65.6%
Bag-inspecting org.TSA
65.3%
One half of a Kalahari flyTSE
64.6%
Maiden name bridge*NÉE*
61.8%
The Holy ___, or the Catholic church's jurisdiction*SEE*
61.5%
To secure, with 'up'SEW
61.1%
Appomattox signee*LEE*
61.1%
Party in the ___USA
60.4%
PC-to-PC hookupLAN
58.4%
Dawson or Deighton, e.g.LEN
57.3%
Merkel's 'never'NIE
57.3%
Aegean island or multiple Jovian moonsIOS
48.6%
___ Arizona, 12/7 victim *USS*
46.1%
NASA destinationISS
38.3%

Today's Daily Dose

Missing Word
TV Shows in Movies

Word Ladder
Birds of Prey

Quick Pick
Hot Drinks Only

You're not logged in!

Compare scores with friends on all Sporcle quizzes.
OR
Log In

Show Comments

Extras

Top Quizzes Today


Score Distribution

Your Account Isn't Verified!

In order to create a playlist on Sporcle, you need to verify the email address you used during registration. Go to your Sporcle Settings to finish the process.

Report this User

Report this user for behavior that violates our Community Guidelines.

Details: